| 000 | 00637nam a2200241Ia 4500 | ||
|---|---|---|---|
| 003 | OSt | ||
| 005 | 20220927104509.0 | ||
| 006 | a|||||r|||| 00| 0 | ||
| 007 | ta | ||
| 008 | 220926b |||||||| |||| 00| 0 eng d | ||
| 024 | _a154071 | ||
| 037 | _cReference Collections | ||
| 040 |
_aRTL _cRTL _beng |
||
| 041 |
_2eng _aeng |
||
| 082 | _a"Y:4:6.5921.N6, K7/UN" | ||
| 110 | _aUnited Nations | ||
| 245 | 2 | _aA series of countries studies | |
| 260 | _c1967 | ||
| 300 |
_a64p. _ccm. |
||
| 700 | _aUnited Nations | ||
| 942 |
_h"Y:4:6.5921.N6, K7/UN" _cCC |
||
| 999 |
_c687745 _d687745 |
||